[Event "AUTO-OPEN-4466"]
[Site "http://www.queenalice.com/game.php?id=1818713"]
[Date "2023.8.15"]
[Round "1"]
[White "arvo1938"]
[Black "KAXY"]
[Result "1-0"]
[WhiteElo "2226"]
[BlackElo "1476"]

1. d4 d5 2. c4 Nf6 3. Nf3 c6 4. e3 Bg4 5. h3 Bxf3 6. Qxf3 e6 7. Bd2 Nbd7 8. Nc3
Nb6 9. c5 Nc4 10. Bxc4 dxc4 11. Qe2 Be7 12. Qxc4 O-O 13. O-O h6 14. e4 1-0

[Event "AUTO-OPEN-4466"]
[Site "http://www.queenalice.com/game.php?id=1818714"]
[Date "2023.8.15"]
[Round "1"]
[White "KAXY"]
[Black "arvo1938"]
[Result "0-1"]
[WhiteElo "1478"]
[BlackElo "2225"]

1. d4 Nf6 2. Nc3 e6 3. a3 d5 4. e3 c5 5. Nf3 Nc6 6. Ne5 cxd4 7. Nxc6 bxc6 8.
exd4 Bd6 9. Bg5 h6 10. Bxf6 Qxf6 11. Qd3 Rb8 12. b4 O-O 13. Be2 e5 0-1

[Event "AUTO-OPEN-4466"]
[Site "http://www.queenalice.com/game.php?id=1818741"]
[Date "2023.8.15"]
[Round "1"]
[White "bmax"]
[Black "KAXY"]
[Result "1-0"]
[WhiteElo "2283"]
[BlackElo "1338"]

1. d4 d5 2. Bf4 Nc6 3. e3 h6 4. Nf3 Bg4 5. c4 e6 6. Nc3 Nf6 7. h3 Bxf3 8. Qxf3
Bb4 9. a3 Bxc3+ 10. bxc3 O-O 11. g4 Ne4 12. h4 Nxc3 13. g5 Ne4 14. gxh6 g6 15.
Rg1 Qxh4 16. Rg4 Qf6 17. Rb1 b6 18. Qh3 Kh7 19. Bd3 Ne7 20. Bxe4 1-0

[Event "AUTO-OPEN-4466"]
[Site "http://www.queenalice.com/game.php?id=1818742"]
[Date "2023.8.15"]
[Round "1"]
[White "KAXY"]
[Black "bmax"]
[Result "0-1"]
[WhiteElo "1340"]
[BlackElo "2282"]

1. d4 d5 2. Nc3 c6 3. e3 Nf6 4. Bd3 Bg4 5. f3 Bh5 6. g4 Bg6 7. h4 h6 8. Bxg6
fxg6 9. Bd2 e6 10. Qe2 c5 11. O-O-O cxd4 12. exd4 Qc8 13. g5 hxg5 14. Nh3 Rxh4
15. Nxg5 Rxh1 16. Rxh1 Nc6 17. Qh2 Nxd4 18. Re1 Qc4 19. Nxe6 Nxe6 20. Rxe6+ Kf7
0-1

[Event "AUTO-OPEN-4466"]
[Site "http://www.queenalice.com/game.php?id=1818761"]
[Date "2023.8.15"]
[Round "1"]
[White "KAXY"]
[Black "Rafale2000"]
[Result "0-1"]
[WhiteElo "1350"]
[BlackElo "2041"]

1. d4 Nf6 2. Nc3 d5 3. e3 Bf5 4. Nge2 e6 5. a3 c5 6. g3 Nbd7 7. Bg2 Rc8 8. dxc5
Bxc5 9. O-O O-O 10. Re1 Ne5 11. e4 dxe4 12. Qxd8 Rfxd8 13. Be3 Bxe3 14. fxe3
Nfg4 15. Bxe4 Bxe4 16. Nxe4 Nxe3 17. Rac1 Rxc2 18. Rxc2 Nxc2 19. Nf2 Nxe1 20. h4
Rd2 0-1

[Event "AUTO-OPEN-4466"]
[Site "http://www.queenalice.com/game.php?id=1818762"]
[Date "2023.8.15"]
[Round "1"]
[White "Rafale2000"]
[Black "KAXY"]
[Result "1-0"]
[WhiteElo "2043"]
[BlackElo "1348"]

1. e4 e5 2. Nf3 d6 3. d4 Bg4 4. dxe5 Bxf3 5. Qxf3 dxe5 6. Bc4 Nf6 7. O-O Nc6 8.
Nc3 Nd4 9. Bb3 Nxf3+ 10. gxf3 Bd6 11. Bg5 h6 12. Be3 Nh5 13. Kh1 Qh4 14. Rg1 Nf4
15. Rg4 Qf6 16. Rag1 g6 17. Bxf4 exf4 18. Re1 O-O-O 19. a3 h5 20. Rg2 Qh4 21.
Bxf7 1-0

[Event "AUTO-INT-3834"]
[Site "http://www.queenalice.com/game.php?id=1818827"]
[Date "2023.8.16"]
[Round "1"]
[White "SGF"]
[Black "KAXY"]
[Result "1-0"]
[WhiteElo "1758"]
[BlackElo "1483"]

1. e4 e5 2. Qf3 d6 3. d3 Nc6 4. c3 Nf6 5. Be2 Be6 6. Qg3 g6 7. Bg5 Bg7 8. h4 Qd7
9. h5 O-O-O 10. h6 Rhg8 11. hxg7 Qe7 12. Bxf6 Qxf6 13. Rxh7 Rxg7 14. Rxg7 Qxg7
15. Bg4 Bxg4 16. Qxg4+ 1-0

[Event "AUTO-INT-3834"]
[Site "http://www.queenalice.com/game.php?id=1818828"]
[Date "2023.8.16"]
[Round "1"]
[White "KAXY"]
[Black "SGF"]
[Result "0-1"]
[WhiteElo "1488"]
[BlackElo "1753"]

1. d4 d5 2. Nc3 e6 3. a3 Qd6 4. Nf3 f6 5. e3 a6 6. e4 c6 7. e5 fxe5 8. dxe5 Qc5
9. Qd4 Qxd4 10. Nxd4 c5 11. Nf3 h6 12. Bd3 c4 13. Bg6+ Ke7 14. O-O b5 15. Nd4
Kd8 0-1

[Event "AUTO-INT-3834"]
[Site "http://www.queenalice.com/game.php?id=1818839"]
[Date "2023.8.16"]
[Round "1"]
[White "Castling"]
[Black "KAXY"]
[Result "1-0"]
[WhiteElo "1642"]
[BlackElo "1435"]

1. e4 e5 2. Bc4 Nf6 3. d3 d5 4. Bb3 dxe4 5. Nc3 exd3 6. Nf3 Bd6 7. Qxd3 O-O 8.
h3 Re8 9. Bg5 Be6 10. Bxe6 Rxe6 11. Nd5 Nbd7 12. O-O-O 1-0

[Event "AUTO-INT-3834"]
[Site "http://www.queenalice.com/game.php?id=1818840"]
[Date "2023.8.16"]
[Round "1"]
[White "KAXY"]
[Black "Castling"]
[Result "0-1"]
[WhiteElo "1427"]
[BlackElo "1650"]

1. d4 g6 2. e4 Bg7 3. e5 b6 4. Nf3 Bb7 5. Nc3 d5 6. exd6 Qxd6 7. Be3 Nd7 8. Bd3
O-O-O 9. Qd2 Bc6 10. Ne4 Bxe4 11. Bxe4 Ngf6 0-1

[Event "AUTO-INT-3834"]
[Site "http://www.queenalice.com/game.php?id=1818847"]
[Date "2023.8.16"]
[Round "1"]
[White "KAXY"]
[Black "WHUSIRO"]
[Result "0-1"]
[WhiteElo "1407"]
[BlackElo "1663"]

1. d4 Nf6 2. Nc3 e6 3. e4 Bb4 4. Bd2 c5 5. e5 Ng8 6. Nf3 Nc6 7. Ne4 cxd4 8. Bxb4
Nxb4 9. Nxd4 Nc6 10. Nd6+ Kf8 11. Qf3 Qe7 12. Nxc6 bxc6 13. O-O-O f5 14. exf6
gxf6 15. Nxc8 Rxc8 16. Bd3 Nh6 17. Qh5 Qg7 18. Bc4 d5 0-1

[Event "AUTO-INT-3834"]
[Site "http://www.queenalice.com/game.php?id=1818848"]
[Date "2023.8.16"]
[Round "1"]
[White "WHUSIRO"]
[Black "KAXY"]
[Result "1-0"]
[WhiteElo "1669"]
[BlackElo "1401"]

1. e4 e5 2. Nf3 d6 3. h3 Nc6 4. c3 Be6 5. d4 exd4 6. cxd4 Bd7 7. Bb5 Nf6 8. Nc3
Be7 9. O-O O-O 10. Re1 a6 11. Ba4 b5 12. Bc2 Re8 13. a3 h6 14. d5 Ne5 15. Nxe5
dxe5 16. Be3 c5 17. Ne2 Nh7 18. Ng3 1-0

[Event "AUTO-OPEN-4467"]
[Site "http://www.queenalice.com/game.php?id=1819124"]
[Date "2023.8.19"]
[Round "1"]
[White "pomar"]
[Black "KAXY"]
[Result "1-0"]
[WhiteElo "2004"]
[BlackElo "1509"]

1. f3 e5 2. Kf2 d5 3. e3 f5 4. d4 e4 5. f4 Nc6 6. a3 Be6 7. Bb5 a6 8. Bxc6+ bxc6
9. Nd2 Qh4+ 10. g3 Qg4 11. Ne2 Nf6 12. Nc3 Qxd1 13. Nxd1 1-0

[Event "AUTO-OPEN-4467"]
[Site "http://www.queenalice.com/game.php?id=1819125"]
[Date "2023.8.19"]
[Round "1"]
[White "KAXY"]
[Black "pomar"]
[Result "0-1"]
[WhiteElo "1507"]
[BlackElo "2006"]

1. d4 e6 2. e4 d5 3. e5 c5 4. c3 Qb6 5. Nf3 Nc6 6. Na3 cxd4 7. cxd4 Bd7 8. Be2
Bxa3 9. bxa3 Nge7 10. Bd2 Nxd4 11. Nxd4 Qxd4 12. O-O Qxe5 0-1

[Event "AUTO-OPEN-4467"]
[Site "http://www.queenalice.com/game.php?id=1819146"]
[Date "2023.8.19"]
[Round "1"]
[White "KAXY"]
[Black "ThiagoBrumN"]
[Result "0-1"]
[WhiteElo "1354"]
[BlackElo "1752"]

1. d4 d5 2. Nc3 Nf6 3. Bg5 e6 4. a3 Be7 5. e4 dxe4 6. Bxf6 Bxf6 7. Nxe4 Nc6 8.
Bb5 Bd7 9. Bxc6 Bxc6 10. Nxf6+ Qxf6 11. Nf3 O-O-O 12. O-O Qg6 13. Re1 h5 14. Qe2
h4 15. c3 h3 16. g3 Qf5 17. Ne5 Rd6 0-1

[Event "AUTO-OPEN-4467"]
[Site "http://www.queenalice.com/game.php?id=1819147"]
[Date "2023.8.19"]
[Round "1"]
[White "ThiagoBrumN"]
[Black "KAXY"]
[Result "1-0"]
[WhiteElo "1754"]
[BlackElo "1352"]

1. e4 e5 2. Nf3 d6 3. Nc3 Bg4 4. Be2 Bxf3 5. Bxf3 Nc6 6. O-O Nf6 7. Re1 Qd7 8.
d3 h6 9. Be3 O-O-O 10. a4 g5 11. b4 Nxb4 12. Rb1 Nc6 13. Rb3 Be7 14. Qb1 Na5 15.
Rb5 Nc6 16. Rxb7 Rh7 17. Bxa7 Qe6 18. Nd5 1-0

[Event "AUTO-OPEN-4467"]
[Site "http://www.queenalice.com/game.php?id=1819148"]
[Date "2023.8.19"]
[Round "1"]
[White "KAXY"]
[Black "Kn1ght1962"]
[Result "0-1"]
[WhiteElo "1364"]
[BlackElo "1756"]

1. d4 d5 2. Nc3 e6 3. a3 h6 4. e4 dxe4 5. Nxe4 a6 6. Nf3 Nc6 7. Ne5 Nxe5 8. dxe5
Bd7 9. Bd3 f5 10. Qh5+ Ke7 11. Ng5 Be8 12. Qh4 Qd5 13. Nh7+ Kd7 14. Nxf8+ Kc6
15. Be3 g5 16. Bxg5 Qxe5+ 17. Be3 Nf6 18. Qc4+ Kd6 0-1

[Event "AUTO-OPEN-4467"]
[Site "http://www.queenalice.com/game.php?id=1819149"]
[Date "2023.8.19"]
[Round "1"]
[White "Kn1ght1962"]
[Black "KAXY"]
[Result "1-0"]
[WhiteElo "1754"]
[BlackElo "1366"]

1. e4 e5 2. Nf3 d6 3. h3 Nd7 4. a3 a5 5. Nc3 Nb6 6. d4 Nf6 7. Be3 c5 8. dxe5
dxe5 9. Bb5+ Bd7 10. Bxd7+ Qxd7 11. Nxe5 Qxd1+ 12. Rxd1 Be7 13. O-O O-O 14. Ne2
Nxe4 15. b3 Nf6 16. c4 Rad8 17. Nf4 Rxd1 18. Rxd1 Ne8 19. a4 1-0

[Event "AUTO-INT-3836"]
[Site "http://www.queenalice.com/game.php?id=1819284"]
[Date "2023.8.21"]
[Round "1"]
[White "KAXY"]
[Black "Ditto"]
[Result "0-1"]
[WhiteElo "1343"]
[BlackElo "1676"]

1. d4 d5 2. e3 Bf5 3. Ne2 e6 4. Nbc3 Bb4 5. a3 Ba5 6. b4 Bb6 7. g3 Nc6 8. Nf4
Qf6 9. Bd3 Nge7 10. Nce2 Bg4 11. O-O Bf3 0-1

[Event "AUTO-INT-3836"]
[Site "http://www.queenalice.com/game.php?id=1819285"]
[Date "2023.8.21"]
[Round "1"]
[White "Ditto"]
[Black "KAXY"]
[Result "1-0"]
[WhiteElo "1673"]
[BlackElo "1346"]

1. e4 e5 2. Nf3 d6 3. Bc4 Bg4 4. d3 Nd7 5. h3 Bxf3 6. Qxf3 Ngf6 7. Bg5 Qe7 8.
O-O h6 9. Be3 Nb6 10. Bb3 O-O-O 11. Nc3 Nfd7 12. Nb5 1-0

[Event "AUTO-INT-3836"]
[Site "http://www.queenalice.com/game.php?id=1819286"]
[Date "2023.8.21"]
[Round "1"]
[White "KAXY"]
[Black "zmanomega"]
[Result "0-1"]
[WhiteElo "1496"]
[BlackElo "1691"]

1. d4 d5 2. e3 e6 3. Nf3 f6 4. Nc3 Nc6 5. Bb5 Bd7 6. Bd2 a6 7. Bxc6 Bxc6 8. O-O
Bd6 9. Re1 Qe7 10. a3 b5 11. e4 g5 12. e5 fxe5 0-1

[Event "AUTO-INT-3836"]
[Site "http://www.queenalice.com/game.php?id=1819287"]
[Date "2023.8.21"]
[Round "1"]
[White "zmanomega"]
[Black "KAXY"]
[Result "1-0"]
[WhiteElo "1682"]
[BlackElo "1505"]

1. e4 e5 2. Nf3 d6 3. d4 Bg4 4. dxe5 Bxf3 5. Qxf3 dxe5 6. Bc4 Nf6 7. O-O Bd6 8.
Bg5 Nbd7 9. Bd5 c6 10. Bxf6 Nxf6 11. Nc3 cxd5 12. exd5 O-O 13. Rae1 1-0

[Event "AUTO-INT-3836"]
[Site "http://www.queenalice.com/game.php?id=1819288"]
[Date "2023.8.21"]
[Round "1"]
[White "KAXY"]
[Black "tche_elvio"]
[Result "0-1"]
[WhiteElo "1474"]
[BlackElo "1463"]

1. d4 Nf6 2. Nc3 d5 3. Nf3 h6 4. g3 Nc6 5. e3 e6 6. Bb5 Bd7 7. Bxc6 Bxc6 8. Ne5
Be7 9. Nxc6 bxc6 10. O-O O-O 11. Ne2 Ne4 0-1

[Event "AUTO-INT-3836"]
[Site "http://www.queenalice.com/game.php?id=1819289"]
[Date "2023.8.21"]
[Round "1"]
[White "tche_elvio"]
[Black "KAXY"]
[Result "1-0"]
[WhiteElo "1479"]
[BlackElo "1458"]

1. e4 e5 2. Nf3 d6 3. h3 Nc6 4. Bb5 Bd7 5. O-O Nf6 6. d3 Nd4 7. Bxd7+ Qxd7 8.
Nxd4 exd4 9. Bd2 O-O-O 10. c3 dxc3 11. Nxc3 h5 12. a3 1-0